[Event "RUS-ch U12"]
[Site "Dagomys"]
[Date "2009.04.??"]
[Round "8"]
[White "Martynenko, Alexey"]
[Black "Popov, Andrey V"]
[Result "1-0"]
[WhiteElo "2046"]
[BlackElo "2004"]
[PlyCount "149"]
[EventDate "2009.04.15"]
[EventType "swiss"]
[EventRounds "9"]
[EventCountry "RUS"]
[SourceTitle "EXT 2012"]
[Source "ChessBase"]
[SourceDate "2011.11.24"]
[SourceVersion "1"]
[SourceVersionDate "2011.11.24"]
[SourceQuality "1"]

1. e4 e5 2. Nf3 Nc6 3. Bb5 a6 4. Ba4 Nf6 5. 0-0 Be7 6. Re1 b5 7. Bb3 d6 8. c3 0-0 9. d4 Bg4 10. Be3 exd4 11. cxd4 Na5 12. Bc2 c5 13. h3 Bh5 14. b3 Rc8 15. d5 Re8 16. Nbd2 Nd7 17. Nf1 Bf6 18. Rb1 Bg6 19. Bf4 Nb7 20. Ng3 Qb6 21. h4 h6 22. h5 Bh7 23. Nh2 Ne5 24. Ng4 Bg5 25. Bxg5 hxg5 26. h6 Nxg4 27. Qxg4 gxh6 28. Qh5 Kg7 29. Nf5+ Bxf5 30. exf5 Rxe1+ 31. Rxe1 Qd8 32. Qe2 c4 33. b4 a5 34. a3 axb4 35. axb4 Ra8 36. Qe3 Ra2 37. Be4 Qf6 38. g3 Qb2 39. Kg2 Qd2 40. f6+ Kxf6 41. Qf3+ Kg7 42. Rh1 Qd4 43. Qf5 Qf6 44. Qh7+ Kf8 45. Bf3 g4 46. Bxg4 Rxf2+ 47. Kh3 Qg7 48. Qe4 Qg6 49. Qe3 Rf6 50. Ra1 h5 51. Bd7 h4 52. gxh4 Qd3 53. Qxd3 cxd3 54. Bc6 Nd8 55. Bxb5 Rf4 56. Rb1 d2 57. Be2 Rd4 58. Bf3 Nb7 59. h5 Kg7 60. Kg2 d1Q 61. Bxd1 Rxd5 62. Bf3 Rd2+ 63. Kg3 Nd8 64. b5 d5 65. b6 Nb7 66. Rb5 Rd3 67. Kf2 f5 68. Bxd5 Nd6 69. b7 Nxb7 70. Bxb7 Rd7 71. Bc8 Rf7 72. Bxf5 Kh6 73. Kg3 Rc7 74. Kh4 Rc4+ 75. Bg4 1-0

[Event "RUS-ch U12"]
[Site "Dagomys"]
[Date "2009.04.??"]
[Round "9"]
[White "Volkovich, Maksim"]
[Black "Martynenko, Alexey"]
[Result "1-0"]
[WhiteElo "2050"]
[BlackElo "2046"]
[PlyCount "73"]
[EventDate "2009.04.15"]
[EventType "swiss"]
[EventRounds "9"]
[EventCountry "RUS"]
[SourceTitle "EXT 2012"]
[Source "ChessBase"]
[SourceDate "2011.11.24"]
[SourceVersion "1"]
[SourceVersionDate "2011.11.24"]
[SourceQuality "1"]

1. e4 e5 2. Nf3 Nc6 3. Bc4 Bc5 4. 0-0 Nf6 5. d4 exd4 6. e5 d5 7. exf6 dxc4 8. Re1+ Kf8 9. Nbd2 Bf5 10. Ne4 Bxe4 11. fxg7+ Kxg7 12. Rxe4 Rg8 13. Ng5 Qd6 14. Qh5 Qg6 15. Ne6+ fxe6 16. Rg4 Qxg4 17. Qxg4+ Kh8 18. Qxe6 Rg6 19. Qd5 Bd6 20. Bd2 Rf8 21. Rf1 Rgf6 22. c3 d3 23. Qxc4 Ne5 24. Qe4 b6 25. b4 b5 26. Be3 Kg8 27. f4 Ng4 28. Bd4 Rxf4 29. Qe6+ R8f7 30. Rxf4 Bxf4 31. Qc8+ Rf8 32. Qxg4+ Kf7 33. Qxf4+ Ke8 34. Qe4+ Kd7 35. Qxd3 Kc6 36. Qe4+ Kd7 37. Qxh7+ 1-0

[Event "St Petersburg Nov op"]
[Site "St Petersburg"]
[Date "2008.11.06"]
[Round "6"]
[White "Martynenko, Alexey"]
[Black "Svidinsky, Dmitry"]
[Result "0-1"]
[WhiteElo "1987"]
[BlackElo "2057"]
[PlyCount "56"]
[EventDate "2008.11.01"]
[EventType "swiss"]
[EventRounds "9"]
[EventCountry "RUS"]
[SourceTitle "EXT 2010"]
[Source "ChessBase"]
[SourceDate "2010.11.25"]
[SourceVersion "1"]
[SourceVersionDate "2010.11.25"]
[SourceQuality "1"]

1. e4 e5 2. Nf3 Nf6 3. Nxe5 d6 4. Nf3 Nxe4 5. Nc3 Nxc3 6. dxc3 Be7 7. Bf4 0-0 8. Qd2 Nd7 9. 0-0-0 Nc5 10. Nd4 Ne6 11. Nxe6 Bxe6 12. Kb1 Qd7 13. h4 Qa4 14. a3 Rfe8 15. Bd3 c5 16. g4 b5 17. g5 a5 18. g6 b4 19. gxh7+ Kh8 20. b3 Qxa3 21. Qc1 Qxc1+ 22. Kxc1 bxc3 23. Bb5 Reb8 24. Ba4 c4 25. bxc4 Rb4 26. Bb5 Rb8 27. Rd4 a4 28. Rxd6 Bxc4 0-1

[Event "St Petersburg Nov op"]
[Site "St Petersburg"]
[Date "2008.11.04"]
[Round "4"]
[White "Martynenko, Alexey"]
[Black "Eltsov, Valery"]
[Result "1-0"]
[WhiteElo "1987"]
[BlackElo "2077"]
[PlyCount "123"]
[EventDate "2008.11.01"]
[EventType "swiss"]
[EventRounds "9"]
[EventCountry "RUS"]
[SourceTitle "EXT 2010"]
[Source "ChessBase"]
[SourceDate "2010.11.25"]
[SourceVersion "1"]
[SourceVersionDate "2010.11.25"]
[SourceQuality "1"]

1. e4 e5 2. Nf3 Nc6 3. Bb5 a6 4. Ba4 b5 5. Bb3 Na5 6. 0-0 d6 7. d4 f6 8. Be3 Nxb3 9. axb3 Bb7 10. d5 Ne7 11. c4 Ng6 12. Ne1 Be7 13. Nd3 0-0 14. Nc3 Qe8 15. Qe2 c5 16. dxc6 Bxc6 17. Nb4 Bb7 18. Nbd5 Bxd5 19. Nxd5 Qc6 20. Nb6 Rad8 21. f3 Nf4 22. Qd2 Qb7 23. Qa5 f5 24. exf5 Bg5 25. Kh1 Rxf5 26. cxb5 axb5 27. Qxb5 Nxg2 28. Kxg2 Bxe3 29. Qd5+ Rf7 30. Qxb7 Rxb7 31. Nc4 Bd4 32. Na5 Rb6 33. Ra4 Rc8 34. Rc4 Bc5 35. Rfc1 Ra8 36. Ra4 Rba6 37. Nb7 Bd4 38. Nxd6 Rxa4 39. bxa4 Bxb2 40. Rc2 Bd4 41. a5 Kf8 42. Rc8+ Rxc8 43. Nxc8 Kf7 44. a6 Kf6 45. a7 Bxa7 46. Nxa7 Kf5 47. Nb5 g5 48. Kg3 h5 49. h3 Ke6 50. Nc3 Kf5 51. Nb5 Ke6 52. Nc7+ Kf5 53. Ne8 Kg6 54. Kf2 Kf5 55. Ke3 g4 56. h4 gxf3 57. Kxf3 e4+ 58. Kg3 e3 59. Ng7+ Ke5 60. Nxh5 e2 61. Kf2 Kf5 62. Ng3+ 1-0

[Event "St Petersburg Nov op"]
[Site "St Petersburg"]
[Date "2008.11.02"]
[Round "2"]
[White "Martynenko, Alexey"]
[Black "Egorova, Ekaterina"]
[Result "0-1"]
[WhiteElo "1987"]
[BlackElo "2071"]
[PlyCount "78"]
[EventDate "2008.11.01"]
[EventType "swiss"]
[EventRounds "9"]
[EventCountry "RUS"]
[SourceTitle "EXT 2010"]
[Source "ChessBase"]
[SourceDate "2010.11.25"]
[SourceVersion "1"]
[SourceVersionDate "2010.11.25"]
[SourceQuality "1"]

1. e4 e5 2. Nf3 Nc6 3. Bb5 Nf6 4. Bxc6 dxc6 5. d3 Bd6 6. Nbd2 Bg4 7. h3 Be6 8. b3 Nh5 9. Nc4 Bxc4 10. bxc4 Qf6 11. Rb1 b6 12. 0-0 Nf4 13. d4 0-0-0 14. Nxe5 Bxe5 15. Qg4+ Ne6 16. dxe5 Qxe5 17. Be3 Kb7 18. c5 Nxc5 19. Bxc5 Qxc5 20. Qxg7 Qxc2 21. Qxf7 Qxe4 22. Rbe1 Qd5 23. Qf4 Rhg8 24. g3 Rdf8 25. Qh4 Qxa2 26. Qxh7 Rh8 27. Qd7 Qd5 28. Qxd5 cxd5 29. Re5 d4 30. Rd5 Rd8 31. Rxd8 Rxd8 32. f4 d3 33. Kf2 c5 34. f5 c4 35. f6 d2 36. f7 c3 37. Ke3 c2 38. f8Q Rxf8 39. Rxf8 c1Q 0-1

[Event "St Petersburg Nov op"]
[Site "St Petersburg"]
[Date "2008.11.01"]
[Round "1"]
[White "Bocharov, Leonid"]
[Black "Martynenko, Alexey"]
[Result "1-0"]
[WhiteElo "2178"]
[BlackElo "1987"]
[PlyCount "103"]
[EventDate "2008.11.01"]
[EventType "swiss"]
[EventRounds "9"]
[EventCountry "RUS"]
[SourceTitle "EXT 2010"]
[Source "ChessBase"]
[SourceDate "2010.11.25"]
[SourceVersion "1"]
[SourceVersionDate "2010.11.25"]
[SourceQuality "1"]

1. e4 e5 2. Nf3 Nc6 3. Nc3 Nf6 4. d4 exd4 5. Nxd4 Bb4 6. Nxc6 bxc6 7. Bd3 d5 8. exd5 cxd5 9. 0-0 0-0 10. Bg5 c6 11. Qf3 Bd6 12. h3 Rb8 13. b3 Be6 14. Ne2 h6 15. Bh4 Be5 16. Rad1 Qc7 17. Bg3 c5 18. c3 Rfd8 19. Nf4 Bxf4 20. Bxf4 Qa5 21. Bxb8 Rxb8 22. Bb1 Ne4 23. c4 Nc3 24. cxd5 Bd7 25. Qd3 g6 26. Qd2 Re8 27. Rde1 Rxe1 28. Rxe1 Qb4 29. Rc1 Nxb1 30. Qxb4 cxb4 31. Rxb1 Kf8 32. Re1 a5 33. Re3 a4 34. bxa4 Bxa4 35. Re4 Bc2 36. Rxb4 Ke7 37. Rb6 Be4 38. d6+ Kd7 39. a4 Bc6 40. a5 Kxd6 41. a6 Kc7 42. Rb4 h5 43. Kh2 f6 44. h4 g5 45. hxg5 fxg5 46. g3 g4 47. Kg1 Kd6 48. a7 Kc7 49. Rb8 h4 50. gxh4 g3 51. fxg3 Bb7 52. a8Q 1-0